| Tag |
First Indicator |
Second Indicator |
Subfields |
| LEADER |
00000cgm a2200000Ka 4500 |
| 001 |
in00002681221 |
| 005 |
20151202114614.0 |
| 007 |
vd cvaizu |
| 008 |
110128s2010 si 107 g vleng d |
| 024 |
1 |
|
|a 822252221794
|
| 028 |
4 |
1 |
|a AV2217
|b Avie
|
| 035 |
|
|
|a (OCoLC)ocn747882430
|
| 035 |
|
|
|a (OCLC)ocm747882430
|
| 035 |
|
|
|a (OCoLC)747882430
|
| 040 |
|
|
|a SINLB
|c SINLB
|d SINLB
|d OCL
|d TXA
|d UtOrBLW
|
| 041 |
0 |
|
|a eng
|j chi
|j jpn
|j ger
|j fre
|g eng
|g ger
|g fre
|g chi
|g jpn
|
| 049 |
|
|
|a TXAM
|
| 082 |
0 |
4 |
|a 784.2184
|2 22
|
| 090 |
|
|
|a M1001.M23
|b S97 2010
|
| 100 |
1 |
|
|a Mahler, Gustav,
|d 1860-1911.
|
| 240 |
1 |
0 |
|a Symphonies.
|n No. 10
|
| 245 |
1 |
0 |
|a Symphony no. 10 :
|b Wu Xing : five elements /
|c Gustrav Mahler ; Qigang Chen ; Singapore Symphony Orchestra ; music director, Lan Shui.
|
| 246 |
3 |
|
|a Symphony no. ten
|
| 246 |
3 |
0 |
|a Wu Xing : five elements
|
| 264 |
|
1 |
|a Singapore :
|b Singapore Symphonia Co.,
|c [2010]
|
| 264 |
|
4 |
|c ©2010
|
| 300 |
|
|
|a 1 videodisc (107 min.) :
|b sound, color ;
|c 4 3/4 in. +
|e 1 booklet ([24] pages :illustrations ; 18 cm)
|
| 336 |
|
|
|a two-dimensional moving image
|b tdi
|2 rdacontent
|
| 337 |
|
|
|a video
|b v
|2 rdamedia
|
| 338 |
|
|
|a videodisc
|b vd
|2 rdacarrier
|
| 538 |
|
|
|a DVD video, all regions, NTSC, 16:9 format, audio DTS surround, 24 bit LPCM stereo.
|
| 546 |
|
|
|a In English with optional subtitles in Chinese, Japanese, German and French.
|
| 500 |
|
|
|a Credits from booklet laid in container.
|
| 511 |
0 |
|
|a Singapore Symphony Orchestra ; Lan Shui, conductor.
|
| 508 |
|
|
|a Video director, Ruth Käch ; assistant director, Andreas Käch ; executive producers, Chng Kai Jin, Johannes Müller.
|
| 518 |
|
|
|a Recorded 18-20 August, 2009, Esplanade Concert Hall, Singapore.
|
| 500 |
|
|
|a "Completed version by Clinton A. Carpenter."
|
| 500 |
|
|
|a Notes in English, German, French, Chinese, Japanese in booklet inserted in container.
|
| 500 |
|
|
|a Bonus materials: Interviews with Lan Shui ; photo gallery ; subtitle setup.
|
| 505 |
0 |
|
|a Adagio (25:23) -- Scherzo. Ingemächlicher Bewegung. Ohne Hast (13:12) -- Unheimlich bewegt (4:37) -- Scherzo. Kräftig, nicht zu schnell (14:21) -- Finale. Langsam - Allegro moderato - Ruhig (25:11) -- Wu Xing (12:40)
|
| 500 |
|
|
|a Videorecording.
|
| 600 |
1 |
0 |
|a Mahler, Gustav,
|d 1860-1911.
|t Symphonies,
|n no. 10.
|
| 600 |
1 |
0 |
|a Chen, Qigang,
|d 1951-
|t Wu xing.
|
| 650 |
|
0 |
|a Orchestral music.
|
| 650 |
|
0 |
|a Symphonies.
|
| 655 |
|
7 |
|a Concert films.
|2 lcgft
|
| 655 |
|
7 |
|a Filmed performances.
|2 lcgft
|
| 655 |
|
7 |
|a Nonfiction films.
|2 lcgft
|
| 700 |
1 |
|
|a Shui, Lan.
|
| 710 |
2 |
|
|a Singapore Symphony Orchestra.
|
| 994 |
|
|
|a C0
|b TXA
|
| 948 |
|
|
|a cataloged
|b h
|c 2011/10/27
|d c
|e blrosas
|f 12:48:14 pm
|
| 999 |
|
|
|a MARS
|
| 999 |
f |
f |
|s d7c8bf53-529b-364b-aff6-93e10f95499a
|i e55c1ee8-d157-32e4-86b6-333e97bc66d5
|t 0
|
| 952 |
f |
f |
|p ric
|a Texas A&M University
|b Rellis Campus
|c Joint Library Facility
|d Remote Storage
|t 0
|e M1001.M23 S97 2010
|h Library of Congress classification
|i video -- videodisc
|m A14841316564
|
| 998 |
f |
f |
|a M1001.M23 S97 2010
|t 0
|l Remote Storage
|